000 00786nam a2200229Ii 4500
003 JO-AjNU
008 230605s9999||||xx |||||||||||||| ||und||
017 _a2011/1/371
020 _a978-9957-565-10-7
040 _aJO-AjNU
_bara
_erda
_cJO-AjNU
041 _aara
050 1 4 _aPJ8062.N8382 2013
100 3 _aالنوباني، شفيق طه,
_eauthor
_947779
245 0 0 _aعمان في الرواية العربية في الأردن
250 _aط1
264 3 1 _aعمان: دار ورد الأردنية للنشر والطباعة،2013
300 _a275ص
336 _atext
_btxt
_2rdacontent
337 _aunmediated
_bn
_2rdamedia
338 _avolume
_bnc
_2rdacarrier
650 4 _aالأدب العربي - روايات - الأردن - تاريخ ونقد
_947780
999 _aA20881
_c24449
_d24449